000 00337nam a2200133Ia 4500
008 240624s9999 xx 000 0 und d
041 _aeng
082 _a658.421 UND
100 _aUNDERWOOD SARAH
245 _aSOCIAL AND SUSTAINABLE ENTERPRISE CHANGI
260 _c2012
_aUnited Kingdom
_bEmerald
300 _a230 : p.
365 _c
_b25
999 _c24290
_d24290